000 07295nam a2200253 4500
001 216223517
003 UA-OsUOA
005 20230217085825.0
008 230217b un ||||| |||| 00| 0 ukr d
040 _aUA-OsUOA
_bukr
_cUA-OsUOA
_dUA-OsUOA
041 _aukr
080 _a343.37
090 _a343.37
095 _a12.00.09
_bкримінальний процес та криміналістика ; судова експертиза ; оперативно-розшукова діяльність
100 _aФедорчук М.А.
245 _aОсобливості розслідування кримінальних правопорушень, пов'язаних із рейдерськими захопленнями
_cФедорчук Михайло Анатолійович ; наук. керівник Цимбал Петро Васильович
260 _aКиїв
_c2020
300 _a22 с.
502 _6Автореферат дисертації на здобуття наукового ступеня кандидата юридичних наук
_cПВНЗ "Європейський університет"
_d2020
520 _aДисертація присвячена дослідженню особливості розслідування кримінальних правопорушень, пов’язаних із рейдерськими захопленнями. Процес розслідування кримінальних правопорушень, пов’язаних із рейдерськими захопленнями чітко визначений часовими межами під час кримінального провадження, який в свою чергу поділяється на етапи розслідування. Всі етапи розслідування даної категорії кримінальних правопорушень поділяють на невідомий, початковий, наступний і заключний. Початок кримінального провадження починається з внесення даних в ЄРДР. Підставами можуть бути заяви юридичних, фізичних осіб та за ініціативою слідчого, прокурора. Розглядаються проблемні питання пов’язані з плануванням розслідування кримінальних правопорушень, пов’язаних із рейдерськими захопленнями та визначається роль слідчих версій в ході кримінального провадження. Планування - це найбільш доцільна і цілеспрямована діяльність, яка дозволяє швидко та ефективно організувати збирання, дослідження використання доказової інформації для встановлення, розшуку та затримання особи, яка вчинила кримінальне правопорушення. Досліджуються думки і погляди вчених щодо поняття слідчої версії та визначається її роль при розслідуванні кримінальних правопорушень, пов’язаних з рейдерськими захопленнями. Розглядаються типові слідчі ситуації, які можуть виникати під час кримінального провадження та погляди вчених на цю проблему. Висвітлюються основні проблемні питання, пов’язані з оглядом місця події при вчиненні кримінальних правопорушень, пов’язаних із рейдерськими захопленнями. Зазначено, що огляд місця події найперша першочергова слідча (розшукова) дія, найближча в часі і просторі, коли слідчий зіштовхується з подією кримінального правопорушення, дія найбільш трудомістка, яка може тривати довгий час, найпродуктивніша, оскільки дозволяє встановити значний обсяг доказової інформації. Висвітлюються основні проблемні питання, пов’язані з тактичними прийомами проведення допиту підозрюваних, потерпілих та свідків. Визначена роль слідчого експерименту в системі слідчих (розшукових) дій при розслідуванні кримінальних правопорушень, пов’язаних з рейдерськими захопленнями. Слідчий експеримент є однією з найбільш складних слідчих (розшукових) дій, яка вимагає значних зусиль під час його підготовки, проведення та фіксації добутої інформації. Досліджуються погляди вчених процесуалістів і криміналістів щодо слідчого експерименту. Розкривається поняття, зміст та роль спеціальних знань при розслідуванні кримінальних правопорушень, пов’язаних із рейдерськими захопленнями. Під спеціальними знаннями розуміють науково-технічні і практичні знання, одержані в результаті професійного навчання чи роботи за певною спеціальністю особою, яка залучається до кримінального провадження як спеціаліст чи експерт. Розкривається поняття, зміст та форми взаємодії слідчих і оперативних працівників при розслідуванні кримінальних правопорушень, пов’язаних із рейдерськими захопленнями. Висвітлюються основні проблемні питання, що виникають під час непроцесуальної та процесуальної взаємодії. Висвітлюються проблемні питання, пов’язані з медіацією, як однією з форм вирішення конфліктних ситуацій. Показано роль медіатора при реалізації медіації.
650 _2UDC
_a343 Кримінальне право. Карні порушення
942 _2udc
_cAR
955 _a1
999 _c573829
_d573829